[Event "Francophone m"]
[Site "Cannes"]
[Date "2010.02.??"]
[Round "?"]
[White "Saint Amand, Paul"]
[Black "Giroyan, Gary"]
[Result "0-1"]
[WhiteElo "2131"]
[BlackElo "2176"]
[PlyCount "50"]
[EventDate "2010.02.??"]
[EventType "team-schev"]
[EventRounds "8"]
[EventCountry "FRA"]
[SourceTitle "EXT 2011"]
[Source "ChessBase"]
[SourceDate "2010.11.26"]
[SourceVersion "1"]
[SourceVersionDate "2010.11.26"]
[SourceQuality "1"]

1. e4 e6 2. d4 d5 3. e5 c5 4. c3 Nc6 5. Nf3 Qb6 6. a3 Nge7 7. b4 cxd4 8. cxd4 Bd7 9. Be3 Nf5 10. Bd3 g6 11. 0-0 Bg7 12. Nc3 Nce7 13. Qe2 0-0 14. g4 Nxe3 15. fxe3 f6 16. exf6 Bxf6 17. h3 a6 18. Kg2 Qd6 19. Rab1 Rae8 20. a4 e5 21. dxe5 Bxe5 22. Nxe5 Qxe5 23. Qd2 d4 24. exd4 Bc6+ 25. Kg1 Qg3+ 0-1

[Event "Francophone m"]
[Site "Cannes"]
[Date "2010.02.??"]
[Round "?"]
[White "Saint Amand, Paul"]
[Black "Lamard, Guillaume"]
[Result "1-0"]
[WhiteElo "2131"]
[BlackElo "2126"]
[PlyCount "97"]
[EventDate "2010.02.??"]
[EventType "team-schev"]
[EventRounds "8"]
[EventCountry "FRA"]
[SourceTitle "EXT 2011"]
[Source "ChessBase"]
[SourceDate "2010.11.26"]
[SourceVersion "1"]
[SourceVersionDate "2010.11.26"]
[SourceQuality "1"]

1. e4 e5 2. Nf3 Nc6 3. Bb5 a6 4. Ba4 Nf6 5. 0-0 Be7 6. Re1 b5 7. Bb3 d6 8. c3 Na5 9. Bc2 c5 10. d4 Qc7 11. Nbd2 0-0 12. Nf1 Be6 13. Ng3 Rfc8 14. d5 Bd7 15. b3 c4 16. b4 Nb7 17. a4 a5 18. axb5 axb4 19. Rxa8 Rxa8 20. cxb4 Bxb5 21. Nf5 Bf8 22. h3 g6 23. Nh6+ Bxh6 24. Bxh6 Ne8 25. Qb1 Nd8 26. Be3 f6 27. Rc1 Qb7 28. Qb2 Nf7 29. Ra1 Nc7 30. Ra5 Ra6 31. Qa3 Kg7 32. Nd2 f5 33. f3 f4 34. Bf2 Ng5 35. Nb1 Qa8 36. Nc3 Rxa5 37. bxa5 Qa6 38. Bb6 Ne8 39. Qb4 Bd7 40. Bd1 Qc8 41. h4 Nf7 42. Be2 g5 43. hxg5 Nxg5 44. Qxc4 Qb8 45. Nb5 h5 46. Nc7 Nf6 47. Ne6+ Bxe6 48. dxe6 h4 49. Qc7+ 1-0

[Event "Francophone op 1st"]
[Site "Arvier"]
[Date "2009.09.30"]
[Round "6"]
[White "Van Hoolandt, Patrick"]
[Black "Saint Amand, Paul"]
[Result "1/2-1/2"]
[WhiteElo "2229"]
[BlackElo "2131"]
[PlyCount "101"]
[EventDate "2009.09.27"]
[EventType "swiss"]
[EventRounds "9"]
[EventCountry "ITA"]
[SourceTitle "EXT 1999"]
[Source "ChessBase"]
[SourceDate "1998.11.16"]
[SourceVersion "1"]
[SourceVersionDate "1998.11.16"]
[SourceQuality "1"]

1. d4 Nf6 2. c4 e5 3. dxe5 Ng4 4. Bf4 Nc6 5. Nf3 Bb4+ 6. Nbd2 Qe7 7. e3 Ngxe5 8. Nxe5 Nxe5 9. Be2 0-0 10. 0-0 Ng6 11. Bg3 Bd6 12. Bxd6 Qxd6 13. Ne4 Qe7 14. Nc3 c6 15. Qd4 d6 16. Rad1 Rd8 17. f4 f5 18. e4 Nf8 19. Bf3 Be6 20. Rfe1 Qf7 21. b3 a6 22. Rd2 Ng6 23. g3 Rd7 24. exf5 Bxf5 25. Rde2 Rf8 26. Ne4 Bxe4 27. Rxe4 Ne7 28. Bg4 Nf5 29. Qd3 g6 30. Re6 d5 31. c5 Nh6 32. Rxg6+ Qxg6 33. Qxg6+ hxg6 34. Bxd7 Kf7 35. Kf2 Rd8 36. Bh3 Kf6 37. Re6+ Kf7 38. Re2 Kf6 39. Ke1 Ng8 40. Re6+ Kf7 41. f5 Nf6 42. fxg6+ Kxg6 43. Bg2 Kf7 44. Re2 Nd7 45. b4 a5 46. b5 Nxc5 47. Rc2 Nd3+ 48. Kd1 Nb4 49. Rf2+ Ke7 50. a3 Nd3 51. Rd2 1/2-1/2

[Event "Francophone op 1st"]
[Site "Arvier"]
[Date "2009.09.29"]
[Round "4"]
[White "Saint Amand, Paul"]
[Black "Belabbas, Abdellah"]
[Result "1-0"]
[WhiteElo "2131"]
[BlackElo "1915"]
[PlyCount "51"]
[EventDate "2009.09.27"]
[EventType "swiss"]
[EventRounds "9"]
[EventCountry "ITA"]
[SourceTitle "EXT 1999"]
[Source "ChessBase"]
[SourceDate "1998.11.16"]
[SourceVersion "1"]
[SourceVersionDate "1998.11.16"]
[SourceQuality "1"]

1. e4 c5 2. c3 e6 3. d4 cxd4 4. cxd4 Nf6 5. e5 Ne4 6. Nf3 Bb4+ 7. Nbd2 Qa5 8. Bd3 d5 9. 0-0 Nxd2 10. Nxd2 Nc6 11. Nb3 Qb6 12. Qg4 g6 13. Bg5 0-0 14. Rac1 Re8 15. h4 Be7 16. Be3 Qd8 17. g3 g5 18. f4 f5 19. exf6 Bxf6 20. fxg5 e5 21. Bf5 Bxf5 22. Qxf5 exd4 23. gxf6 Rxe3 24. Qg4+ Kf7 25. Qg7+ Ke6 26. Nc5+ 1-0

[Event "Francophone op 1st"]
[Site "Arvier"]
[Date "2009.09.28"]
[Round "2"]
[White "Hebert, Jean"]
[Black "Saint Amand, Paul"]
[Result "1-0"]
[WhiteElo "2416"]
[BlackElo "2131"]
[PlyCount "75"]
[EventDate "2009.09.27"]
[EventType "swiss"]
[EventRounds "9"]
[EventCountry "ITA"]
[SourceTitle "EXT 1999"]
[Source "ChessBase"]
[SourceDate "1998.11.16"]
[SourceVersion "1"]
[SourceVersionDate "1998.11.16"]
[SourceQuality "1"]

1. d4 Nf6 2. Nf3 e6 3. c4 c5 4. d5 exd5 5. cxd5 d6 6. Nc3 g6 7. h3 Bg7 8. e4 0-0 9. Bd3 Re8 10. 0-0 a6 11. a4 Qc7 12. Re1 Nbd7 13. Bf4 Nh5 14. Bh2 Ne5 15. Be2 Nxf3+ 16. Bxf3 Nf6 17. e5 dxe5 18. d6 Qd8 19. Bxe5 Ra7 20. a5 Be6 21. Qd2 Nd7 22. Bxg7 Kxg7 23. Ne4 f6 24. Qc3 b6 25. Ng5 Nf8 26. Bc6 Bd7 27. Rxe8 Bxe8 28. Bxe8 Qxe8 29. axb6 Rd7 30. Re1 Qd8 31. Ne4 Ne6 32. Qc4 Nd4 33. Qxc5 Nb5 34. Qc6 Nd4 35. Qc5 Nb5 36. Qe3 Nxd6 37. Nc5 Nf5 38. Ne6+ 1-0

[Event "Montreal Quebec op"]
[Site "Montreal"]
[Date "2007.07.25"]
[Round "6"]
[White "Perez Garcia, Rodney Oscar"]
[Black "Saint Amand, Paul"]
[Result "1-0"]
[WhiteElo "2420"]
[BlackElo "2155"]
[PlyCount "77"]
[EventDate "2007.07.20"]
[EventType "swiss"]
[EventRounds "9"]
[EventCountry "CAN"]
[SourceTitle "CBM 119 Extra"]
[Source "ChessBase"]
[SourceDate "2007.09.04"]
[SourceVersion "1"]
[SourceVersionDate "2007.09.04"]
[SourceQuality "1"]

1. e4 c5 2. Nf3 d6 3. d4 cxd4 4. Nxd4 Nf6 5. Nc3 a6 6. Be3 e5 7. Nb3 Be6 8. f3 Nbd7 9. g4 Nb6 10. g5 Nh5 11. Qd2 Be7 12. 0-0-0 0-0 13. Kb1 Rc8 14. Rg1 Qc7 15. h4 g6 16. Qf2 Bd8 17. f4 Nxf4 18. Bxf4 exf4 19. Nd4 Nc4 20. Bxc4 Qxc4 21. Qxf4 Ba5 22. Nde2 b5 23. Qxd6 Rc6 24. Qd3 Bb6 25. Qxc4 Rxc4 26. Rh1 Rfc8 27. Nf4 Bg4 28. Rd3 b4 29. Ncd5 Bd8 30. Re1 Be6 31. c3 bxc3 32. Nxc3 Ba5 33. Nxe6 Bxc3 34. Rc1 Ba5 35. Rxc4 Rxc4 36. Rd4 Rc6 37. Nf4 Bb6 38. Rd1 Kg7 39. Nd5 1-0

[Event "Montreal Quebec op"]
[Site "Montreal"]
[Date "2007.07.24"]
[Round "5"]
[White "Saint Amand, Paul"]
[Black "Morin, Yves"]
[Result "1-0"]
[WhiteElo "2155"]
[BlackElo "2226"]
[PlyCount "52"]
[EventDate "2007.07.20"]
[EventType "swiss"]
[EventRounds "9"]
[EventCountry "CAN"]
[SourceTitle "CBM 119 Extra"]
[Source "ChessBase"]
[SourceDate "2007.09.04"]
[SourceVersion "1"]
[SourceVersionDate "2007.09.04"]
[SourceQuality "1"]

1. e4 e5 2. Nf3 d6 3. d4 Nd7 4. Nc3 c6 5. a4 Be7 6. Bc4 Ngf6 7. 0-0 0-0 8. h3 b6 9. Qe2 a6 10. Rd1 Qc7 11. Bg5 Bb7 12. Bb3 b5 13. a5 Rfe8 14. d5 c5 15. Rdc1 Rac8 16. Nd1 c4 17. Ba2 Nc5 18. Bxf6 Bxf6 19. Qe3 h6 20. b4 Nd7 21. c3 Kh7 22. Qe2 g6 23. Ne3 Bg7 24. Bb1 Nf6 25. Kh2 Nh5 26. g3 Nxg3 1-0

[Event "Montreal Quebec op"]
[Site "Montreal"]
[Date "2007.07.20"]
[Round "1"]
[White "Roussel Roozmon, Thomas"]
[Black "Saint Amand, Paul"]
[Result "1-0"]
[WhiteElo "2407"]
[BlackElo "2155"]
[PlyCount "64"]
[EventDate "2007.07.20"]
[EventType "swiss"]
[EventRounds "9"]
[EventCountry "CAN"]
[SourceTitle "CBM 119 Extra"]
[Source "ChessBase"]
[SourceDate "2007.09.04"]
[SourceVersion "1"]
[SourceVersionDate "2007.09.04"]
[SourceQuality "1"]

1. Nf3 c5 2. c4 Nf6 3. Nc3 Nc6 4. g3 e6 5. Bg2 d5 6. cxd5 Nxd5 7. d4 Be7 8. 0-0 0-0 9. Nxd5 exd5 10. dxc5 Bxc5 11. a3 a5 12. Bf4 Bf5 13. Rc1 Ba7 14. Qb3 Qd7 15. Rfd1 Rfd8 16. Ne5 Nxe5 17. Bxe5 a4 18. Qxd5 Qe8 19. Qxb7 Bxf2+ 20. Kxf2 Qxe5 21. Qc7 Qxc7 22. Rxc7 Rxd1 23. Bxa8 g6 24. Rc4 Rd2 25. Rb4 Bc2 26. Ke3 Rd6 27. Be4 Re6 28. Kf4 Bb3 29. Bd3 Kg7 30. Bb5 Kf6 31. e4 g5+ 32. Ke3 Rb6 1-0

[Event "Canadian op"]
[Site "Ottawa"]
[Date "2007.07.07"]
[Round "1"]
[White "Saint Amand, Paul"]
[Black "Hua, Lefong"]
[Result "1/2-1/2"]
[WhiteElo "2155"]
[BlackElo "2323"]
[PlyCount "62"]
[EventDate "2007.07.07"]
[EventType "swiss"]
[EventRounds "10"]
[EventCountry "CAN"]
[SourceTitle "CBM 119 Extra"]
[Source "ChessBase"]
[SourceDate "2007.09.04"]
[SourceVersion "1"]
[SourceVersionDate "2007.09.04"]
[SourceQuality "1"]

1. e4 c5 2. c3 d5 3. exd5 Qxd5 4. d4 Nc6 5. Nf3 Bg4 6. Be2 cxd4 7. cxd4 e6 8. Nc3 Qd6 9. 0-0 Nf6 10. Be3 Be7 11. a3 0-0 12. Qb3 a6 13. Rfd1 Rfd8 14. Rac1 b5 15. h3 Bh5 16. g4 Bg6 17. g5 Ne4 18. d5 Na5 19. Qa2 Nxc3 20. Rxc3 exd5 21. Bc5 Qc7 22. Rxd5 Bxc5 23. Rdxc5 Qf4 24. b4 Nb7 25. Rd5 Bh5 26. Rcd3 Qc1+ 27. Rd1 Qc7 28. Qd2 Rxd5 29. Qxd5 Rd8 30. Qe4 Rxd1+ 31. Bxd1 Qd7 1/2-1/2

[Event "Mauricie-ch"]
[Site "Trois Rivieres"]
[Date "2007.03.18"]
[Round "5"]
[White "Saint Amand, Paul"]
[Black "Tremblay, Yves"]
[Result "1/2-1/2"]
[WhiteElo "2065"]
[BlackElo "1902"]
[PlyCount "61"]
[EventDate "2007.03.16"]
[EventType "swiss"]
[EventRounds "5"]
[EventCountry "CAN"]
[SourceTitle "EXT 2022"]
[Source "ChessBase"]
[SourceDate "2021.10.06"]
[SourceVersion "1"]
[SourceVersionDate "2021.10.06"]
[SourceQuality "1"]

1. e4 c5 2. c3 d5 3. exd5 Qxd5 4. d4 Nc6 5. Nf3 Bg4 6. Be2 e6 7. 0-0 Nf6 8. h3 Bh5 9. c4 Qd7 10. dxc5 Qxd1 11. Rxd1 Bxc5 12. Nc3 h6 13. a3 a5 14. Bf4 0-0 15. Bd6 Bxd6 16. Rxd6 Rfd8 17. Rad1 Rxd6 18. Rxd6 Kf8 19. Kf1 Ke7 20. Rd2 Rd8 21. Ke1 Rxd2 22. Kxd2 Kd6 23. g4 Bg6 24. Bd3 Bxd3 25. Kxd3 Kc5 26. b3 g5 27. Ke3 Nd7 28. Ne1 f5 29. Nd3+ Kd6 30. Nb5+ Ke7 31. f3 1/2-1/2

[Event "Gibraltar Masters"]
[Site "Gibraltar"]
[Date "2007.01.23"]
[Round "1"]
[White "Saint Amand, Paul"]
[Black "Helin, Mikael"]
[Result "1-0"]
[WhiteElo "2150"]
[BlackElo "1951"]
[PlyCount "111"]
[EventDate "2007.01.23"]
[EventType "swiss"]
[EventRounds "9"]
[EventCountry "ENG"]
[SourceTitle "CBM 116 Extra"]
[Source "ChessBase"]
[SourceDate "2007.03.07"]
[SourceVersion "1"]
[SourceVersionDate "2007.03.07"]
[SourceQuality "1"]

1. e4 c5 2. Nf3 e6 3. c3 Qa5 4. Na3 a6 5. Nc4 Qc7 6. a4 Nc6 7. Bd3 Nf6 8. e5 Nd5 9. 0-0 f5 10. Re1 g6 11. Bf1 b6 12. d4 Bb7 13. dxc5 Bxc5 14. Nd6+ Kf8 15. Bh6+ Kg8 16. Nxb7 Qxb7 17. Bc4 Nd8 18. Bg5 h5 19. Qd2 Nc7 20. Bf6 Rh7 21. Qg5 Kf7 22. Bxd8 Ne8 23. Bf6 Nxf6 24. Qxf6+ Kg8 25. Qg5 h4 26. h3 Be7 27. Qd2 g5 28. Rad1 g4 29. hxg4 fxg4 30. Qxd7 Qxd7 31. Rxd7 gxf3 32. Bxe6+ Kh8 33. Bd5 Rf8 34. Bxf3 h3 35. Be4 Rg7 36. Re3 Bh4 37. Rxg7 Bxf2+ 38. Kh2 Bxe3 39. Rh7+ Kg8 40. Kxh3 Rf1 41. Rd7 Rf4 42. Bd5+ Kf8 43. e6 Bc5 44. Kg3 Rf6 45. Rf7+ Rxf7 46. exf7 a5 47. Kf4 Kg7 48. Kf5 Bf8 49. Ke6 Bc5 50. Kd7 Kf8 51. Kc6 Ke7 52. b4 axb4 53. cxb4 Bxb4 54. Kxb6 Kd7 55. a5 Kc8 56. a6 1-0

[Event "Quebec Montcalm op"]
[Site "Quebec"]
[Date "2007.01.05"]
[Round "2"]
[White "Saint Amand, Paul"]
[Black "Caire, Francois"]
[Result "1/2-1/2"]
[WhiteElo "2056"]
[BlackElo "2240"]
[PlyCount "24"]
[EventDate "2007.01.05"]
[EventType "swiss"]
[EventRounds "5"]
[EventCountry "CAN"]
[SourceTitle "EXT 2022"]
[Source "ChessBase"]
[SourceDate "2021.10.06"]
[SourceVersion "1"]
[SourceVersionDate "2021.10.06"]
[SourceQuality "1"]

1. e4 c5 2. c3 d5 3. exd5 Qxd5 4. d4 Nf6 5. Nf3 e6 6. Nbd2 Nc6 7. Bc4 Qd8 8. Nb3 cxd4 9. Nbxd4 Nxd4 10. Qxd4 Qxd4 11. Nxd4 Be7 12. Bf4 0-0 1/2-1/2

[Event "Quebec-ch op"]
[Site "Montreal"]
[Date "2006.07.13"]
[Round "7"]
[White "Saint Amand, Paul"]
[Black "Sullivan, Neil"]
[Result "0-1"]
[WhiteElo "2126"]
[BlackElo "2123"]
[PlyCount "80"]
[EventDate "2006.07.07"]
[EventType "swiss"]
[EventRounds "9"]
[EventCountry "CAN"]
[SourceTitle "CBM 113 Extra"]
[Source "ChessBase"]
[SourceDate "2006.09.14"]
[SourceVersion "1"]
[SourceVersionDate "2006.09.14"]
[SourceQuality "1"]

1. e4 c5 2. Nf3 Nc6 3. Bb5 d6 4. c3 g6 5. 0-0 Bg7 6. h3 Bd7 7. Re1 Nf6 8. d4 cxd4 9. cxd4 0-0 10. Nc3 a6 11. Bf1 Rc8 12. e5 Ne8 13. Bg5 dxe5 14. dxe5 Be6 15. Qe2 Qa5 16. a3 b5 17. Qe4 h6 18. Bf4 Qb6 19. Rac1 Bf5 20. Qe2 Nc7 21. g4 Be6 22. Red1 Rfd8 23. Bg2 Nd5 24. Nxd5 Bxd5 25. b4 a5 26. Rc5 Bc4 27. Rxd8+ Rxd8 28. Qe4 Nb8 29. Nd2 axb4 30. axb4 Bd3 31. Qe1 Qe6 32. Qe3 g5 33. Bg3 Na6 34. Rc6 Qa2 35. Qb6 Rb8 36. Qe3 Nxb4 37. Rc3 Qa1+ 38. Kh2 Qxc3 39. e6 Rd8 40. exf7+ Kf8 0-1

[Event "Quebec-ch op"]
[Site "Montreal"]
[Date "2006.07.07"]
[Round "1"]
[White "Saint Amand, Paul"]
[Black "Masse, Hugues"]
[Result "1-0"]
[WhiteElo "2126"]
[BlackElo "2178"]
[PlyCount "111"]
[EventDate "2006.07.07"]
[EventType "swiss"]
[EventRounds "9"]
[EventCountry "CAN"]
[SourceTitle "CBM 113 Extra"]
[Source "ChessBase"]
[SourceDate "2006.09.14"]
[SourceVersion "1"]
[SourceVersionDate "2006.09.14"]
[SourceQuality "1"]

1. e4 e5 2. Nf3 Nc6 3. Bb5 a6 4. Ba4 Nf6 5. 0-0 b5 6. Bb3 Bb7 7. d3 Be7 8. Nc3 0-0 9. Nd5 Nxd5 10. Bxd5 d6 11. c3 Rb8 12. a4 Bf6 13. axb5 axb5 14. Be3 Qc8 15. Qb3 Ne7 16. Bxb7 Rxb7 17. Ra5 c6 18. Rfa1 Qc7 19. h3 h6 20. Qa3 Rfb8 21. Ra7 Kh7 22. Qa5 Rxa7 23. Qxa7 Rb7 24. Qa5 Qd7 25. Qb4 c5 26. Qb3 Nc6 27. Ra6 Nb8 28. Ra8 Nc6 29. Qd5 Ra7 30. Rxa7 Nxa7 31. Bxc5 Nc8 32. Be3 g6 33. c4 bxc4 34. dxc4 Kg7 35. b4 Ne7 36. Qd2 h5 37. b5 Nc8 38. Qd5 Ne7 39. Qa8 d5 40. exd5 e4 41. Nd4 Be5 42. Nc6 Nxc6 43. Qxc6 Qe7 44. Qc5 Qd8 45. Bd4 Qf6 46. Bxe5 Qxe5 47. Qe3 f5 48. f4 Qa1+ 49. Kh2 Qf1 50. Qa7+ Kh6 51. Qb8 Kh7 52. Qc7+ Kh6 53. Qe5 Kh7 54. b6 Qf2 55. b7 Qb6 56. b8R 1-0

[Event "World op 34th"]
[Site "Philadelphia"]
[Date "2006.07.04"]
[Round "8"]
[White "Saint Amand, Paul"]
[Black "Murzin, Lenar"]
[Result "0-1"]
[WhiteElo "2126"]
[BlackElo "2195"]
[PlyCount "80"]
[EventDate "2006.06.28"]
[EventType "swiss"]
[EventRounds "9"]
[EventCountry "USA"]
[SourceTitle "CBM 112 Extra"]
[Source "ChessBase"]
[SourceDate "2006.07.14"]
[SourceVersion "1"]
[SourceVersionDate "2006.07.14"]
[SourceQuality "1"]

1. e4 c5 2. c3 e6 3. d4 d5 4. e5 Nc6 5. Nf3 Qb6 6. a3 Nh6 7. b4 cxd4 8. cxd4 Nf5 9. Bb2 Be7 10. Bd3 a5 11. Bxf5 exf5 12. Nc3 Be6 13. b5 0-0 14. 0-0 Na7 15. Qb3 Rfd8 16. Rac1 Rac8 17. Rfd1 h6 18. h3 g5 19. a4 g4 20. Ne1 Bg5 21. Rc2 Nc6 22. Ne2 Nb4 23. Rxc8 Rxc8 24. Bc1 Qd8 25. Bxg5 Qxg5 26. Qe3 Rc4 27. Qxg5+ hxg5 28. hxg4 fxg4 29. Rc1 Na2 30. Rxc4 dxc4 31. d5 Bxd5 32. Nd4 Nb4 33. Kf1 c3 34. Ke2 Be4 35. Kd1 Kf8 36. g3 Ke7 37. Kc1 c2 38. Nexc2 Bxc2 39. Nxc2 Nxc2 40. Kxc2 Ke6 0-1

[Event "Quebec City-ch"]
[Site "Quebec"]
[Date "2005.08.25"]
[Round "6"]
[White "Berube, Antoine"]
[Black "Saint Amand, Paul"]
[Result "1/2-1/2"]
[WhiteElo "2272"]
[BlackElo "2062"]
[PlyCount "34"]
[EventDate "2005.08.20"]
[EventType "tourn"]
[EventRounds "7"]
[EventCountry "CAN"]
[SourceTitle "EXT 2007"]
[Source "ChessBase"]
[SourceDate "2006.11.23"]
[SourceVersion "1"]
[SourceVersionDate "2006.11.23"]
[SourceQuality "1"]

1. e4 c5 2. Nf3 d6 3. d4 cxd4 4. Nxd4 Nf6 5. Nc3 a6 6. Be3 e5 7. Nb3 Be6 8. f3 Nbd7 9. Qd2 b5 10. 0-0-0 h5 11. Nd5 Bxd5 12. exd5 Nb6 13. Bxb6 Qxb6 14. g3 g6 15. Kb1 Bh6 16. Qe1 0-0 17. g4 Qe3 1/2-1/2

[Event "Quebec City-ch"]
[Site "Quebec"]
[Date "2005.08.24"]
[Round "5"]
[White "Saint Amand, Paul"]
[Black "Valley, Michel"]
[Result "1/2-1/2"]
[WhiteElo "2062"]
[BlackElo "2002"]
[PlyCount "61"]
[EventDate "2005.08.20"]
[EventType "tourn"]
[EventRounds "7"]
[EventCountry "CAN"]
[SourceTitle "EXT 2007"]
[Source "ChessBase"]
[SourceDate "2006.11.23"]
[SourceVersion "1"]
[SourceVersionDate "2006.11.23"]
[SourceQuality "1"]

1. e4 c5 2. Nf3 d6 3. c3 Nf6 4. Bd3 Nc6 5. Bc2 Bg4 6. d3 g6 7. Nbd2 Bg7 8. h3 Bd7 9. 0-0 0-0 10. Re1 b5 11. d4 b4 12. Nc4 bxc3 13. bxc3 Na5 14. Ne3 Rc8 15. d5 Bb5 16. Rb1 Bc4 17. Nxc4 Nxc4 18. Bd3 Nb6 19. c4 Nfd7 20. Bf4 Ne5 21. Nxe5 Bxe5 22. Bxe5 dxe5 23. Qd2 Rc7 24. Qc3 Qd6 25. Bc2 f6 26. a4 Qd7 27. a5 Nc8 28. Rb2 Nd6 29. Reb1 Rfc8 30. f3 Qe8 31. Kh2 1/2-1/2

[Event "Quebec City-ch"]
[Site "Quebec"]
[Date "2005.08.23"]
[Round "4"]
[White "Lessard, Claude"]
[Black "Saint Amand, Paul"]
[Result "1/2-1/2"]
[WhiteElo "1969"]
[BlackElo "2062"]
[PlyCount "99"]
[EventDate "2005.08.20"]
[EventType "tourn"]
[EventRounds "7"]
[EventCountry "CAN"]
[SourceTitle "EXT 2007"]
[Source "ChessBase"]
[SourceDate "2006.11.23"]
[SourceVersion "1"]
[SourceVersionDate "2006.11.23"]
[SourceQuality "1"]

1. d4 Nf6 2. Nf3 e6 3. c4 c5 4. d5 exd5 5. cxd5 d6 6. Nc3 g6 7. e4 Bg7 8. Bb5+ Nbd7 9. 0-0 0-0 10. Bf4 Qe7 11. Re1 Nh5 12. Bg5 f6 13. Bh4 Ne5 14. Nxe5 Qxe5 15. Be2 Nf4 16. Bg3 Nxe2+ 17. Qxe2 Qe7 18. Qb5 Qc7 19. Rac1 a6 20. Qe2 b5 21. h4 Bd7 22. h5 Rae8 23. hxg6 hxg6 24. f4 f5 25. e5 dxe5 26. fxe5 f4 27. d6 Qc6 28. Bf2 Bxe5 29. Qd2 Qxd6 30. Qxd6 Bxd6 31. Ne4 Be5 32. Nxc5 Bc8 33. b3 a5 34. Rcd1 Bc3 35. Rxe8 Rxe8 36. a4 bxa4 37. Nxa4 Bb4 38. Nb6 Be6 39. Nd5 Bxd5 40. Rxd5 Re2 41. Bb6 Rb2 42. Bxa5 Bxa5 43. Rxa5 Rxb3 44. Ra4 f3 45. gxf3 Rxf3 46. Kg2 Rf5 47. Ra7 Rf7 48. Ra6 Kg7 49. Kg3 Kh6 50. Ra3 1/2-1/2

[Event "Quebec City-ch"]
[Site "Quebec"]
[Date "2005.08.22"]
[Round "3"]
[White "Auger, Bertrand"]
[Black "Saint Amand, Paul"]
[Result "1/2-1/2"]
[WhiteElo "1996"]
[BlackElo "2062"]
[PlyCount "62"]
[EventDate "2005.08.20"]
[EventType "tourn"]
[EventRounds "7"]
[EventCountry "CAN"]
[SourceTitle "EXT 2007"]
[Source "ChessBase"]
[SourceDate "2006.11.23"]
[SourceVersion "1"]
[SourceVersionDate "2006.11.23"]
[SourceQuality "1"]

1. c4 c5 2. Nc3 Nc6 3. Nf3 Nf6 4. g3 e6 5. Bg2 d5 6. cxd5 Nxd5 7. 0-0 Be7 8. Nxd5 exd5 9. d4 0-0 10. h3 Bf5 11. Be3 c4 12. a3 Rc8 13. Nd2 Qd7 14. g4 Be6 15. f4 f5 16. g5 b5 17. Nf3 Rfd8 18. Bd2 Qb7 19. Qe1 Ra8 20. Qf2 a5 21. Rfb1 b4 22. Qe1 Rdb8 23. e3 bxa3 24. bxa3 Qa7 25. Bc1 Rxb1 26. Rxb1 Rb8 27. Rb2 Rxb2 28. Bxb2 Qb6 29. Bc1 Qb3 30. g6 hxg6 31. Ng5 Bxg5 1/2-1/2

[Event "Quebec City-ch"]
[Site "Quebec"]
[Date "2005.08.20"]
[Round "1"]
[White "Audet Bouchard, Nicolas"]
[Black "Saint Amand, Paul"]
[Result "1-0"]
[WhiteElo "2146"]
[BlackElo "2062"]
[PlyCount "95"]
[EventDate "2005.08.20"]
[EventType "tourn"]
[EventRounds "7"]
[EventCountry "CAN"]
[SourceTitle "EXT 2007"]
[Source "ChessBase"]
[SourceDate "2006.11.23"]
[SourceVersion "1"]
[SourceVersionDate "2006.11.23"]
[SourceQuality "1"]

1. e4 c5 2. Nf3 d6 3. d4 cxd4 4. Nxd4 Nf6 5. Nc3 a6 6. Be3 e5 7. Nb3 Be6 8. f4 exf4 9. Bxf4 Nc6 10. Qd2 Rc8 11. 0-0-0 Ne5 12. Be2 Qc7 13. Nd4 Be7 14. Rhf1 0-0 15. Bg5 Ned7 16. Nf5 Bxf5 17. Rxf5 b5 18. a3 Rfe8 19. Rdf1 Qb7 20. Qd4 Qb6 21. Qxb6 Nxb6 22. Be3 Nbd7 23. Bd4 Bd8 24. Rg5 g6 25. Bd3 Re6 26. Rg3 Bb6 27. Bxb6 Nxb6 28. e5 dxe5 29. Bf5 Rxc3 30. Bxe6 Rc6 31. Rxf6 fxe6 32. Rgf3 Nd5 33. Rf8+ Kg7 34. R3f7+ Kh6 35. Rh8 Kg5 36. Rhxh7 e4 37. Rh3 e3 38. Rg3+ Kh6 39. c3 e5 40. Rd7 e2 41. Kd2 Nb6 42. Re7 Nc4+ 43. Kxe2 Nxb2 44. h4 Na4 45. Kd2 Nb6 46. Re8 Nc4+ 47. Ke2 Nd6 48. Re6 1-0

[Event "Mauricie op"]
[Site "Trois Rivieres"]
[Date "2005.03.19"]
[Round "3"]
[White "Saint Amand, Paul"]
[Black "Masse, Hugues"]
[Result "1/2-1/2"]
[WhiteElo "2110"]
[BlackElo "2217"]
[PlyCount "132"]
[EventDate "2005.03.??"]
[EventType "swiss"]
[EventRounds "5"]
[EventCountry "CAN"]
[SourceTitle "EXT 2006"]
[Source "ChessBase"]
[SourceDate "2005.11.24"]
[SourceVersion "1"]
[SourceVersionDate "2005.11.24"]
[SourceQuality "1"]

1. e4 e5 2. Nf3 Nc6 3. Bb5 a6 4. Ba4 Nf6 5. 0-0 b5 6. Bb3 Bb7 7. Re1 Bc5 8. c3 d6 9. d4 Bb6 10. Be3 0-0 11. d5 Ne7 12. Bxb6 cxb6 13. Nbd2 h6 14. Nf1 Bc8 15. Ng3 Ne8 16. Qd2 Kh7 17. Rad1 Bd7 18. c4 bxc4 19. Bxc4 g6 20. Qe2 b5 21. Bb3 f5 22. Nd2 f4 23. Ngf1 g5 24. f3 Rg8 25. g4 fxg3 26. hxg3 Ng6 27. Ne3 Qf6 28. Qh2 Rh8 29. Ng4 Qf8 30. Rc1 Kg7 31. Nf2 Qe7 32. Nd3 Nf6 33. Rc7 Rhc8 34. Rec1 Rxc7 35. Rxc7 Qd8 36. Rc2 Rc8 37. Rxc8 Qxc8 38. Qf2 Qc7 39. Kg2 Bc8 40. Qg1 Qd7 41. Nf2 Qa7 42. Nd3 Qxg1+ 43. Kxg1 Nh5 44. Kf2 g4 45. Bd1 gxf3 46. Bxf3 Nf6 47. Nb3 Kf7 48. Ke3 Ke7 49. Na5 Kd7 50. b4 Kc7 51. Nf2 Bd7 52. Nb3 Ne7 53. Kd3 Nc8 54. Nd2 Ne7 55. Ke3 Ng6 56. Be2 Kd8 57. Nf1 Ne7 58. Nd2 Ng6 59. Nf1 Nf8 60. Nd2 N8h7 61. Nb1 Ng5 62. Nd2 Kc7 63. Nf3 Nxf3 64. Bxf3 Kd8 65. Be2 Ke7 66. Nd1 Kd8 1/2-1/2